[Event "Iran Chess Championship Semi Final 2015 "]
[Site "Rasht , Iran"]
[Date "2015.12.17"]
[Round "7"]
[Board "3"]
[White "Maghsoodloo, Parham"]
[Black "Mousavi, Seyed Khalil"]
[Result "1/2-1/2"]
[WhiteElo "2443"]
[BlackElo "2434"]
[PlyCount "0"]
[EventDate "2015.12.13"]
[EventRounds "9"]
[EventCountry "IRI"]

1. e4 {[%clk 1:30:19]} e6 {[%clk 1:29:57]} 2. d4 {[%clk 1:30:33]} d5
{[%clk 1:30:20]} 3. Nd2 {[%clk 1:30:30]} Be7 {[%clk 1:28:24]} 4. Ngf3
{[%clk 1:29:49]} Nf6 {[%clk 1:28:07]} 5. Bd3 {[%clk 1:29:54]} c5 {[%clk 1:28:14]}
6. dxc5 {[%clk 1:28:20]} dxe4 {[%clk 1:26:07]} 7. Bxe4 {[%clk 1:27:51]} Bxc5
{[%clk 1:25:09]} 8. O-O {[%clk 1:28:12]} Be7 {[%clk 1:22:02]} 9. Bd3
{[%clk 1:22:31]} Nbd7 {[%clk 1:21:22]} 10. Qe2 {[%clk 1:18:57]} Qc7
{[%clk 1:18:30]} 11. c4 {[%clk 1:18:52]} O-O {[%clk 1:16:25]} 12. b3
{[%clk 1:17:25]} b6 {[%clk 1:11:51]} 13. Bb2 {[%clk 1:17:22]} Bb7
{[%clk 1:11:39]} 14. Rad1 {[%clk 1:17:15]} Qc6 {[%clk 1:11:05]} 15. Rfe1
{[%clk 1:14:23]} Rad8 {[%clk 1:09:37]} 16. Qf1 {[%clk 1:12:31]} Nh5
{[%clk 1:03:36]} 17. Be4 {[%clk 1:09:18]} Qc8 {[%clk 1:02:49]} 18. Bxb7
{[%clk 1:09:10]} Qxb7 {[%clk 1:03:18]} 19. Ne4 {[%clk 1:08:56]} Nf4
{[%clk 1:00:04]} 20. g3 {[%clk 1:06:38]} Nc5 {[%clk 0:59:09]} 21. Nxc5
{[%clk 0:56:58]} Bxc5 {[%clk 0:44:39]} 22. Ne5 {[%clk 0:52:07]} Ng6
{[%clk 0:40:28]} 23. Nd3 {[%clk 0:48:42]} Bd4 {[%clk 0:38:51]} 24. Qg2
{[%clk 0:42:59]} Qe7 {[%clk 0:38:30]} 25. Qe4 {[%clk 0:38:54]} Bxb2
{[%clk 0:31:46]} 26. Nxb2 {[%clk 0:39:06]} Qa3 {[%clk 0:32:09]} 27. Qb1
{[%clk 0:39:32]} Ne7 {[%clk 0:31:07]} 28. Na4 {[%clk 0:39:19]} Nc6
{[%clk 0:30:14]} 29. Nc3 {[%clk 0:39:09]} h6 {[%clk 0:28:53]} 30. Nb5
{[%clk 0:37:14]} Qc5 {[%clk 0:27:56]} 31. Qe4 {[%clk 0:36:29]} a6
{[%clk 0:25:04]} 32. Nc3 {[%clk 0:36:28]} b5 {[%clk 0:24:36]} 33. cxb5
{[%clk 0:34:56]} axb5 {[%clk 0:24:35]} 34. Ne2 {[%clk 0:31:02]} Nb4
{[%clk 0:19:13]} 35. a4 {[%clk 0:29:56]} bxa4 {[%clk 0:17:10]} 36. bxa4
{[%clk 0:30:15]} Qa5 {[%clk 0:16:29]} 37. Nf4 {[%clk 0:21:54]} Na2
{[%clk 0:10:12]} 38. Ra1 {[%clk 0:12:46]} Rd2 {[%clk 0:09:28]} 39. Re3
{[%clk 0:11:59]} Nc3 {[%clk 0:08:25]} 40. Qe5 {[%clk 0:11:32]} Qxe5 41. Rxe5
{[%clk 0:11:38]} Ra8 {[%clk 0:07:18]} 42. a5 {[%clk 0:11:32]} Ra2
{[%clk 0:05:21]} 43. Rxa2 {[%clk 0:09:55]} Nxa2 {[%clk 0:05:49]} 44. Nd3
{[%clk 0:10:14]} Kf8 {[%clk 0:04:49]} 45. Rc5 {[%clk 0:10:31]} Ke7
{[%clk 0:04:36]} 46. Rc7+ {[%clk 0:08:10]} Ke8 {[%clk 0:03:20]} 47. Rc5
{[%clk 0:06:54]} Ke7 {[%clk 0:03:48]} 48. Ne5 {[%clk 0:05:13]} Kd6
{[%clk 0:03:15]} 49. Rb5 {[%clk 0:05:37]} Ra7 {[%clk 0:02:31]} 50. f4
{[%clk 0:03:25]} f6 {[%clk 0:00:55]} 51. Nc4+ {[%clk 0:00:50]} Kc6
{[%clk 0:01:08]} 52. Rb6+ {[%clk 0:00:53]} Kc5 {[%clk 0:01:15]} 53. Ne3
{[%clk 0:01:02]} e5 {[%clk 0:01:03]} 54. fxe5 {[%clk 0:01:06]} fxe5
{[%clk 0:01:27]} 55. Re6 {[%clk 0:01:03]} Kd4 {[%clk 0:01:37]} 56. Nf5+
{[%clk 0:00:53]} Ke4 {[%clk 0:01:50]} 57. Re7 {[%clk 0:00:59]} Rxa5
{[%clk 0:00:50]} 58. Nxg7 {[%clk 0:01:19]} Nc3 {[%clk 0:01:12]} 59. Kg2
{[%clk 0:01:45]} Ra2+ {[%clk 0:01:20]} 60. Kh3 {[%clk 0:02:09]} Ne2
{[%clk 0:01:45]} 61. Kg4 {[%clk 0:02:30]} Nc3 {[%clk 0:01:20]} 62. h4
{[%clk 0:01:38]} Nd5 {[%clk 0:01:45]} 63. Re6 {[%clk 0:00:45]} Ne3+
{[%clk 0:02:12]} 64. Kh5 {[%clk 0:01:10]} Rg2 {[%clk 0:02:18]} 65. Rg6
{[%clk 0:01:37]} Kf3 {[%clk 0:01:20]} 66. Kxh6 {[%clk 0:01:35]} Ng4+
{[%clk 0:01:21]} 67. Kh5 {[%clk 0:01:27]} Rxg3 {[%clk 0:01:35]} 68. Nf5
{[%clk 0:01:15]} 1/2-1/2

[Event "Iran Chess Championship Semi Final 2015 "]
[Site "Rasht , Iran"]
[Date "2015.12.17"]
[Round "7"]
[Board "4"]
[White "Sadeh, Shahin"]
[Black "Javanbakht, Nima"]
[Result "0-1"]
[WhiteElo "2284"]
[BlackElo "2410"]
[PlyCount "0"]
[EventDate "2015.12.13"]
[EventRounds "9"]
[EventCountry "IRI"]

1. e4 {[%clk 1:30:14]} c5 {[%clk 1:30:47]} 2. Nf3 {[%clk 1:30:42]} Nc6
{[%clk 1:31:09]} 3. Bb5 {[%clk 1:31:05]} g6 {[%clk 1:31:08]} 4. O-O
{[%clk 1:28:55]} Bg7 {[%clk 1:31:34]} 5. Re1 {[%clk 1:27:59]} Nf6
{[%clk 1:30:04]} 6. Nc3 {[%clk 1:26:21]} O-O {[%clk 1:29:57]} 7. e5
{[%clk 1:23:51]} Ne8 {[%clk 1:25:13]} 8. Bxc6 {[%clk 1:10:50]} dxc6
{[%clk 1:24:59]} 9. d4 {[%clk 1:11:13]} cxd4 {[%clk 1:21:36]} 10. Nxd4
{[%clk 1:11:34]} Nc7 {[%clk 1:18:55]} 11. Bg5 {[%clk 1:09:26]} h6
{[%clk 1:14:22]} 12. Bh4 {[%clk 1:08:51]} Re8 {[%clk 1:13:21]} 13. Re3
{[%clk 0:55:27]} Ne6 {[%clk 1:10:04]} 14. Nxe6 {[%clk 0:53:11]} Bxe6
{[%clk 1:08:50]} 15. Qe2 {[%clk 0:49:46]} Qd4 {[%clk 1:02:46]} 16. Re4
{[%clk 0:46:53]} Qb6 {[%clk 1:01:59]} 17. Na4 {[%clk 0:42:35]} Qa5
{[%clk 1:01:03]} 18. f4 {[%clk 0:39:44]} Bf5 {[%clk 0:48:13]} 19. Rd4
{[%clk 0:35:38]} Rad8 {[%clk 0:41:40]} 20. Be1 {[%clk 0:34:48]} Qb5
{[%clk 0:41:52]} 21. Qxb5 {[%clk 0:32:46]} cxb5 {[%clk 0:42:06]} 22. Rxd8
{[%clk 0:33:13]} Rxd8 {[%clk 0:42:31]} 23. Nc3 {[%clk 0:33:13]} a6
{[%clk 0:38:22]} 24. a4 {[%clk 0:29:02]} bxa4 {[%clk 0:29:19]} 25. Nxa4
{[%clk 0:29:04]} g5 {[%clk 0:29:41]} 26. Nc5 {[%clk 0:24:29]} Rc8
{[%clk 0:27:08]} 27. Nxb7 {[%clk 0:21:00]} Be4 {[%clk 0:26:49]} 28. Na5
{[%clk 0:18:35]} Rxc2 {[%clk 0:27:10]} 29. Bf2 {[%clk 0:18:05]} gxf4
{[%clk 0:27:22]} 30. Re1 {[%clk 0:16:58]} Bd5 {[%clk 0:27:05]} 31. b3
{[%clk 0:15:42]} Rb2 {[%clk 0:25:47]} 32. h3 {[%clk 0:15:16]} e6 {[%clk 0:25:45]}
33. Kf1 {[%clk 0:14:35]} Kh7 {[%clk 0:24:36]} 34. h4 {[%clk 0:10:06]} Kg6
{[%clk 0:24:17]} 35. g4 {[%clk 0:09:43]} fxg3 {[%clk 0:21:50]} 36. Bxg3
{[%clk 0:09:58]} Bf8 {[%clk 0:21:43]} 37. Bf2 {[%clk 0:07:52]} Bb4
{[%clk 0:21:25]} 38. Ra1 {[%clk 0:08:17]} Bc3 {[%clk 0:21:34]} 39. Ra4
{[%clk 0:06:35]} Bf3 {[%clk 0:17:00]} 40. Bd4 {[%clk 0:04:34]} Bg2+
{[%clk 0:15:34]} 41. Kg1 {[%clk 0:04:55]} Bxd4+ 42. Rxd4 {[%clk 0:05:22]} Bd5
{[%clk 0:16:22]} 43. Rb4 {[%clk 0:02:25]} Kf5 {[%clk 0:15:53]} 44. Rb6
{[%clk 0:02:33]} Kxe5 {[%clk 0:13:34]} 45. Rxa6 {[%clk 0:03:02]} Kf4
{[%clk 0:13:35]} 46. Ra7 {[%clk 0:01:52]} f5 {[%clk 0:12:27]} 47. Rh7
{[%clk 0:02:12]} Kg3 {[%clk 0:12:17]} 48. Kf1 {[%clk 0:02:39]} Bf3
{[%clk 0:12:36]} 49. Ke1 {[%clk 0:02:21]} Re2+ {[%clk 0:12:58]} 50. Kd1
{[%clk 0:02:04]} Ra2+ {[%clk 0:13:11]} 51. Kc1 {[%clk 0:02:25]} Rxa5
{[%clk 0:13:36]} 52. Rxh6 {[%clk 0:02:50]} Bd5 {[%clk 0:13:55]} 53. h5
{[%clk 0:02:48]} Bxb3 {[%clk 0:13:37]} 54. Rh8 {[%clk 0:02:43]} Bd5
{[%clk 0:13:56]} 55. h6 {[%clk 0:02:36]} Ra1+ {[%clk 0:14:15]} 56. Kd2
{[%clk 0:02:59]} Kf4 {[%clk 0:14:21]} 57. h7 {[%clk 0:03:07]} Rh1
{[%clk 0:14:46]} 0-1

[Event "Iran Chess Championship Semi Final 2015 "]
[Site "Rasht , Iran"]
[Date "2015.12.17"]
[Round "7"]
[Board "5"]
[White "Mosadeghpour, Masoud"]
[Black "Behmardi, K Rustam"]
[Result "1-0"]
[WhiteElo "2479"]
[BlackElo "2302"]
[PlyCount "0"]
[EventDate "2015.12.13"]
[EventRounds "9"]
[EventCountry "IRI"]

1. e4 {[%clk 1:29:21]} e6 {[%clk 1:30:37]} 2. d4 {[%clk 1:29:17]} d5
{[%clk 1:30:58]} 3. Nd2 {[%clk 1:29:01]} h6 {[%clk 1:30:21]} 4. Ngf3
{[%clk 1:27:37]} Nf6 {[%clk 1:30:37]} 5. Bd3 {[%clk 1:26:40]} c5 {[%clk 1:30:40]}
6. exd5 {[%clk 1:21:51]} Nxd5 {[%clk 1:30:30]} 7. O-O {[%clk 1:22:13]} Nc6
{[%clk 1:26:30]} 8. Nb3 {[%clk 1:09:04]} cxd4 {[%clk 1:23:50]} 9. Nbxd4
{[%clk 1:09:31]} Nxd4 {[%clk 1:18:18]} 10. Nxd4 {[%clk 1:09:31]} Bc5
{[%clk 1:18:42]} 11. Nb3 {[%clk 1:08:13]} Bd6 {[%clk 1:16:55]} 12. Qg4
{[%clk 1:06:15]} Nf6 {[%clk 1:00:00]} 13. Bb5+ {[%clk 0:57:24]} Bd7
{[%clk 0:49:05]} 14. Bxd7+ {[%clk 0:56:08]} Qxd7 {[%clk 0:49:18]} 15. Qf3
{[%clk 0:56:37]} Qc7 {[%clk 0:43:22]} 16. h3 {[%clk 0:37:08]} Qxc2
{[%clk 0:39:18]} 17. Na5 {[%clk 0:36:19]} O-O {[%clk 0:34:01]} 18. Bxh6
{[%clk 0:33:25]} b6 {[%clk 0:28:45]} 19. Rad1 {[%clk 0:28:40]} Nd5
{[%clk 0:22:48]} 20. Qg4 {[%clk 0:25:44]} Qh7 {[%clk 0:22:43]} 21. Nc4
{[%clk 0:25:31]} Qxh6 {[%clk 0:22:45]} 22. Nxd6 {[%clk 0:25:59]} Rfd8
{[%clk 0:22:37]} 23. Nb5 {[%clk 0:23:18]} Rd7 {[%clk 0:21:20]} 24. Rd4
{[%clk 0:17:03]} Rad8 {[%clk 0:17:21]} 25. Rfd1 {[%clk 0:16:35]} Qf6
{[%clk 0:14:53]} 26. R1d2 {[%clk 0:13:58]} Qe7 {[%clk 0:09:40]} 27. Qd1
{[%clk 0:10:11]} a6 {[%clk 0:09:34]} 28. Na3 {[%clk 0:08:55]} Nf6
{[%clk 0:09:13]} 29. Nc2 {[%clk 0:04:14]} Rxd4 {[%clk 0:09:27]} 30. Rxd4
{[%clk 0:04:14]} Rxd4 31. Qxd4 {[%clk 0:05:07]} Nd5 {[%clk 0:08:25]} 32. Qc4
{[%clk 0:04:45]} Qc7 {[%clk 0:08:07]} 33. Qxc7 Nxc7 {[%clk 0:08:32]} 34. Ne3
{[%clk 0:05:07]} Kf8 {[%clk 0:08:54]} 35. Kf1 {[%clk 0:05:33]} Ke7
{[%clk 0:09:19]} 36. Ke2 {[%clk 0:06:00]} Kd6 {[%clk 0:09:31]} 37. Kd3
{[%clk 0:04:58]} b5 {[%clk 0:08:22]} 38. h4 {[%clk 0:04:57]} f5 {[%clk 0:07:31]}
39. f4 {[%clk 0:03:17]} Ne8 {[%clk 0:06:11]} 40. g4 {[%clk 0:03:36]} fxg4
{[%clk 0:05:33]} 41. Nxg4 {[%clk 0:04:05]} Kd5 {[%clk 0:04:28]} 42. b4
{[%clk 0:03:28]} Kd6 {[%clk 0:04:00]} 43. Kd4 {[%clk 0:01:59]} Nc7
{[%clk 0:02:39]} 44. Ne3 {[%clk 0:02:03]} Ne8 {[%clk 0:02:34]} 45. Nd1
{[%clk 0:01:46]} g6 {[%clk 0:01:27]} 46. Nf2 {[%clk 0:01:05]} Ng7
{[%clk 0:01:35]} 47. Ne4+ {[%clk 0:01:15]} Kc6 {[%clk 0:01:25]} 48. Ng3
{[%clk 0:00:42]} Kd6 {[%clk 0:01:40]} 49. Ne4+ {[%clk 0:01:01]} Kc6
{[%clk 0:02:06]} 50. Ke5 {[%clk 0:01:01]} Nf5 {[%clk 0:02:30]} 51. Kxe6
{[%clk 0:01:06]} Nxh4 {[%clk 0:02:55]} 52. Nf2 {[%clk 0:00:36]} a5
{[%clk 0:02:45]} 53. a3 {[%clk 0:00:32]} axb4 {[%clk 0:03:01]} 54. axb4
{[%clk 0:01:02]} Ng2 {[%clk 0:02:16]} 55. Nd3 {[%clk 0:01:24]} Kb6
{[%clk 0:01:50]} 56. Kf6 {[%clk 0:01:24]} Kc6 {[%clk 0:01:29]} 57. Kxg6
{[%clk 0:01:39]} Kd5 {[%clk 0:01:54]} 58. f5 {[%clk 0:02:06]} Nh4+
{[%clk 0:01:52]} 59. Kg5 {[%clk 0:02:28]} Nf3+ {[%clk 0:02:15]} 60. Kh6
{[%clk 0:01:58]} Nh4 {[%clk 0:00:45]} 61. Nf4+ {[%clk 0:00:54]} Kc4
{[%clk 0:00:38]} 62. f6 {[%clk 0:00:57]} Nf5+ {[%clk 0:01:02]} 63. Kg6
{[%clk 0:00:36]} Nd6 {[%clk 0:01:26]} 64. Ne6 {[%clk 0:00:32]} Kxb4
{[%clk 0:01:15]} 65. Nd4 {[%clk 0:01:02]} Kc5 {[%clk 0:01:00]} 66. Nf5
{[%clk 0:01:27]} Nc4 {[%clk 0:01:26]} 67. Kg7 {[%clk 0:01:07]} Ne5
{[%clk 0:01:47]} 68. Ne3 {[%clk 0:01:06]} b4 {[%clk 0:01:55]} 69. Ng4
{[%clk 0:01:34]} Nc6 {[%clk 0:02:06]} 70. f7 {[%clk 0:01:47]} 1-0

[Event "Iran Chess Championship Semi Final 2015 "]
[Site "Rasht , Iran"]
[Date "2015.12.17"]
[Round "7"]
[Board "6"]
[White "Darini, Pouria"]
[Black "Rostami, Rouzbeh"]
[Result "1-0"]
[WhiteElo "2500"]
[BlackElo "2150"]
[PlyCount "0"]
[EventDate "2015.12.13"]
[EventRounds "9"]
[EventCountry "IRI"]

1. e4 {[%clk 1:30:58]} c5 {[%clk 1:26:21]} 2. Nf3 {[%clk 1:31:22]} Nc6
{[%clk 1:26:36]} 3. Bb5 {[%clk 1:31:48]} d6 {[%clk 1:26:54]} 4. O-O
{[%clk 1:32:08]} Bd7 {[%clk 1:27:17]} 5. Re1 {[%clk 1:31:16]} Nf6
{[%clk 1:27:33]} 6. c3 {[%clk 1:31:29]} a6 {[%clk 1:27:57]} 7. Bf1
{[%clk 1:31:30]} Bg4 {[%clk 1:28:12]} 8. h3 {[%clk 1:31:43]} Bxf3
{[%clk 1:28:05]} 9. Qxf3 {[%clk 1:32:12]} g6 {[%clk 1:27:49]} 10. d3
{[%clk 1:32:36]} Bg7 {[%clk 1:28:10]} 11. Be3 {[%clk 1:33:05]} O-O
{[%clk 1:28:06]} 12. Nd2 {[%clk 1:33:31]} b5 {[%clk 1:23:00]} 13. d4
{[%clk 1:27:33]} cxd4 {[%clk 1:20:51]} 14. cxd4 {[%clk 1:25:40]} Nd7
{[%clk 1:21:07]} 15. Nb3 {[%clk 1:25:21]} e5 {[%clk 1:07:23]} 16. Red1
{[%clk 1:14:30]} Qb8 {[%clk 1:06:15]} 17. Rac1 {[%clk 1:11:05]} Rc8
{[%clk 1:05:05]} 18. dxe5 {[%clk 0:47:19]} Ncxe5 {[%clk 1:04:31]} 19. Rxc8+
{[%clk 0:42:20]} Qxc8 {[%clk 1:04:59]} 20. Qe2 {[%clk 0:42:46]} Qc6
{[%clk 0:50:41]} 21. f3 {[%clk 0:30:10]} Nc4 {[%clk 0:44:42]} 22. Nd4
{[%clk 0:30:31]} Qb7 {[%clk 0:43:58]} 23. Bf2 {[%clk 0:30:42]} Ndb6
{[%clk 0:40:52]} 24. b3 {[%clk 0:29:26]} Ne5 {[%clk 0:40:30]} 25. f4
{[%clk 0:22:20]} Ned7 {[%clk 0:39:45]} 26. g3 {[%clk 0:22:49]} Re8
{[%clk 0:37:08]} 27. Bg2 {[%clk 0:22:49]} Nc5 {[%clk 0:35:00]} 28. e5
{[%clk 0:21:19]} Qc8 {[%clk 0:26:19]} 29. Nc6 {[%clk 0:10:49]} Bf8
{[%clk 0:18:47]} 30. Qc2 {[%clk 0:11:09]} d5 {[%clk 0:17:34]} 31. Nb4
{[%clk 0:07:52]} Ne4 {[%clk 0:16:05]} 32. Qxc8 {[%clk 0:02:17]} Rxc8
{[%clk 0:16:33]} 33. Bxe4 dxe4 {[%clk 0:17:01]} 34. Nxa6 {[%clk 0:02:11]} Na8
{[%clk 0:17:30]} 35. b4 {[%clk 0:01:45]} Rc2 {[%clk 0:16:16]} 36. Rd8
{[%clk 0:00:58]} Rc1+ {[%clk 0:16:20]} 37. Kg2 {[%clk 0:01:28]} Rc2
{[%clk 0:16:37]} 38. Kf1 {[%clk 0:01:57]} Nc7 39. Nxc7 {[%clk 0:01:27]} 1-0

[Event "Iran Chess Championship Semi Final 2015 "]
[Site "Rasht , Iran"]
[Date "2015.12.17"]
[Round "7"]
[Board "7"]
[White "Khamisi, S Jafar"]
[Black "Sedaghati, Mehrdad"]
[Result "1/2-1/2"]
[WhiteElo "2224"]
[BlackElo "2325"]
[PlyCount "0"]
[EventDate "2015.12.13"]
[EventRounds "9"]
[EventCountry "IRI"]

1. e4 {[%clk 1:30:58]} c5 {[%clk 1:26:01]} 2. Nf3 {[%clk 1:31:18]} d6
{[%clk 1:26:27]} 3. d4 {[%clk 1:31:27]} cxd4 {[%clk 1:26:51]} 4. Nxd4
{[%clk 1:31:51]} Nf6 {[%clk 1:27:16]} 5. Nc3 {[%clk 1:32:15]} a6 {[%clk 1:27:43]}
6. h3 {[%clk 1:32:13]} e6 {[%clk 1:26:48]} 7. g4 {[%clk 1:32:31]} b5
{[%clk 1:26:15]} 8. Bg2 {[%clk 1:28:10]} Bb7 {[%clk 1:24:00]} 9. a3
{[%clk 1:27:46]} Be7 {[%clk 1:22:01]} 10. g5 {[%clk 1:25:14]} Nfd7
{[%clk 1:22:24]} 11. h4 {[%clk 1:25:24]} Nb6 {[%clk 1:14:55]} 12. f4
{[%clk 1:17:55]} N8d7 {[%clk 1:04:18]} 13. f5 {[%clk 1:11:02]} e5
{[%clk 1:02:55]} 14. f6 {[%clk 1:05:35]} exd4 {[%clk 0:59:08]} 15. fxe7
{[%clk 1:05:45]} Qxe7 {[%clk 0:59:36]} 16. Qxd4 {[%clk 1:06:02]} O-O
{[%clk 0:56:21]} 17. Bf4 {[%clk 1:04:43]} Nc4 {[%clk 0:56:02]} 18. b3
{[%clk 1:02:27]} Nce5 {[%clk 0:55:52]} 19. O-O-O {[%clk 1:00:59]} Rfc8
{[%clk 0:48:59]} 20. Kb2 {[%clk 0:44:01]} Rc6 {[%clk 0:48:08]} 21. Nd5
{[%clk 0:44:18]} Qd8 {[%clk 0:48:36]} 22. h5 {[%clk 0:42:22]} a5 {[%clk 0:48:03]}
23. h6 {[%clk 0:39:01]} Rac8 {[%clk 0:46:37]} 24. Rd2 {[%clk 0:38:15]} Rc5
{[%clk 0:46:07]} 25. hxg7 {[%clk 0:36:10]} Bxd5 {[%clk 0:45:52]} 26. exd5
{[%clk 0:36:32]} Kxg7 {[%clk 0:44:10]} 27. Be4 {[%clk 0:36:39]} Nf8
{[%clk 0:44:04]} 28. Bxe5+ {[%clk 0:36:30]} dxe5 {[%clk 0:44:32]} 29. Qxe5+
{[%clk 0:36:59]} Kg8 {[%clk 0:45:01]} 30. Rxh7 {[%clk 0:28:59]} Nxh7
{[%clk 0:44:29]} 31. Bxh7+ {[%clk 0:29:24]} Kf8 {[%clk 0:44:56]} 32. Re2
{[%clk 0:23:50]} f6 {[%clk 0:44:57]} 33. Qe6 {[%clk 0:14:08]} Kg7
{[%clk 0:45:12]} 34. Qf5 {[%clk 0:13:32]} fxg5 {[%clk 0:42:23]} 35. Qg6+ Kh8 36.
Rh2 {[%clk 0:11:09]} Rxc2+ {[%clk 0:40:22]} 37. Rxc2 {[%clk 0:11:34]} Rxc2+
{[%clk 0:40:39]} 38. Qxc2 {[%clk 0:10:39]} Qxd5 {[%clk 0:41:06]} 39. Be4
{[%clk 0:10:44]} Qd8 {[%clk 0:40:33]} 40. Qh2+ {[%clk 0:09:49]} Kg7
{[%clk 0:40:49]} 41. Qh7+ {[%clk 0:09:39]} Kf6 {[%clk 0:41:15]} 42. Qf5+
{[%clk 0:07:55]} Kg7 {[%clk 0:41:44]} 43. Qg6+ {[%clk 0:06:28]} Kf8
{[%clk 0:42:13]} 44. Qh6+ {[%clk 0:06:17]} Kf7 {[%clk 0:42:19]} 45. Bg6+
{[%clk 0:05:00]} Kf6 {[%clk 0:42:13]} 46. Bd3+ {[%clk 0:05:04]} Ke5
{[%clk 0:41:57]} 47. Qh2+ {[%clk 0:05:22]} Kf6 {[%clk 0:42:00]} 48. Qf2+
{[%clk 0:05:32]} Kg7 {[%clk 0:42:20]} 49. Bxb5 {[%clk 0:05:36]} Qd6
{[%clk 0:41:44]} 50. Qa7+ {[%clk 0:05:41]} Kf8 {[%clk 0:41:52]} 51. Qxa5
{[%clk 0:05:42]} Qe5+ {[%clk 0:42:17]} 52. Kc2 {[%clk 0:05:47]} Qc5+
{[%clk 0:42:25]} 53. Kd3 {[%clk 0:05:25]} Qd5+ {[%clk 0:42:42]} 54. Ke3
{[%clk 0:04:26]} Qe5+ {[%clk 0:42:55]} 55. Kf2 {[%clk 0:03:52]} Qf4+
{[%clk 0:42:51]} 56. Ke1 {[%clk 0:04:02]} Qe5+ {[%clk 0:43:09]} 57. Kd2
{[%clk 0:02:18]} Qd5+ {[%clk 0:43:34]} 58. Kc2 {[%clk 0:02:22]} Qc5+
{[%clk 0:43:52]} 59. Kb2 {[%clk 0:02:33]} Qf2+ {[%clk 0:43:00]} 60. Kb1
{[%clk 0:02:46]} Qg1+ {[%clk 0:43:19]} 61. Kc2 {[%clk 0:02:46]} Qc5+
{[%clk 0:42:46]} 1/2-1/2

[Event "Iran Chess Championship Semi Final 2015 "]
[Site "Rasht , Iran"]
[Date "2015.12.17"]
[Round "7"]
[Board "8"]
[White "Gholami, Aryan"]
[Black "Mari Ooriad, Pouya"]
[Result "1-0"]
[WhiteElo "2422"]
[BlackElo "2215"]
[PlyCount "0"]
[EventDate "2015.12.13"]
[EventRounds "9"]
[EventCountry "IRI"]

1. d4 {[%clk 1:30:57]} Nf6 {[%clk 1:28:35]} 2. Bf4 {[%clk 1:30:37]} g6
{[%clk 1:28:30]} 3. Nc3 {[%clk 1:29:23]} c5 {[%clk 1:21:35]} 4. d5
{[%clk 1:18:11]} Qb6 {[%clk 1:20:10]} 5. Rb1 {[%clk 1:16:42]} Bg7
{[%clk 1:19:06]} 6. Nf3 {[%clk 1:15:37]} O-O {[%clk 1:15:36]} 7. e4
{[%clk 1:15:01]} d6 {[%clk 0:58:53]} 8. Be2 {[%clk 1:13:38]} Bg4 {[%clk 0:54:17]}
9. O-O {[%clk 1:07:18]} Bxf3 {[%clk 0:47:04]} 10. Bxf3 {[%clk 1:07:45]} Nbd7
{[%clk 0:47:07]} 11. Be2 {[%clk 1:06:25]} a6 {[%clk 0:46:25]} 12. Be3
{[%clk 0:56:44]} Qa5 {[%clk 0:39:08]} 13. a4 {[%clk 0:56:25]} Rfb8
{[%clk 0:37:26]} 14. Bd2 {[%clk 0:54:17]} Qc7 {[%clk 0:33:05]} 15. b3
{[%clk 0:49:38]} Ne8 {[%clk 0:29:29]} 16. f4 {[%clk 0:42:27]} b5 {[%clk 0:23:06]}
17. axb5 {[%clk 0:42:12]} c4 {[%clk 0:23:27]} 18. b4 {[%clk 0:20:20]} axb5
{[%clk 0:23:11]} 19. Rf3 {[%clk 0:20:28]} Bd4+ {[%clk 0:14:34]} 20. Kh1
{[%clk 0:20:20]} Nef6 {[%clk 0:12:17]} 21. Rh3 {[%clk 0:17:15]} Bxc3
{[%clk 0:09:23]} 22. Bxc3 {[%clk 0:17:44]} Nxe4 {[%clk 0:09:42]} 23. Bd4
{[%clk 0:18:05]} Qb7 {[%clk 0:08:35]} 24. Qe1 {[%clk 0:17:48]} Qxd5
{[%clk 0:06:59]} 25. Rd1 {[%clk 0:18:17]} f5 {[%clk 0:06:38]} 26. Ba7
{[%clk 0:16:22]} Qb7 {[%clk 0:05:55]} 27. Bxb8 {[%clk 0:16:45]} Qb6
{[%clk 0:05:24]} 28. Re3 {[%clk 0:13:40]} Rxb8 {[%clk 0:03:25]} 29. Bf3
{[%clk 0:13:55]} Ndf6 {[%clk 0:03:15]} 30. Bxe4 fxe4 {[%clk 0:02:22]} 31. h3
{[%clk 0:09:45]} d5 {[%clk 0:01:52]} 32. c3 {[%clk 0:09:57]} e6 {[%clk 0:01:19]}
33. Re2 {[%clk 0:09:38]} Rf8 {[%clk 0:01:35]} 34. g3 {[%clk 0:08:18]} Qc7
{[%clk 0:01:19]} 35. Rf2 {[%clk 0:07:33]} Nh5 {[%clk 0:01:34]} 36. Qe3
{[%clk 0:07:51]} Qe7 {[%clk 0:00:42]} 37. g4 {[%clk 0:06:46]} Ng7
{[%clk 0:00:51]} 38. Ra1 {[%clk 0:06:42]} Qf6 {[%clk 0:01:09]} 39. Kg2
{[%clk 0:06:17]} h5 {[%clk 0:00:51]} 40. Ra7 {[%clk 0:06:07]} hxg4
{[%clk 0:00:50]} 41. hxg4 {[%clk 0:06:36]} Qh4 {[%clk 0:01:18]} 42. Qg3
{[%clk 0:06:16]} Qf6 {[%clk 0:01:24]} 43. Qe3 {[%clk 0:05:11]} Qh4
{[%clk 0:01:44]} 44. Qg3 {[%clk 0:04:13]} Qf6 {[%clk 0:02:05]} 45. Ra3
{[%clk 0:02:16]} Ne8 {[%clk 0:01:38]} 46. Ra6 {[%clk 0:01:59]} Qe7
{[%clk 0:01:02]} 47. f5 {[%clk 0:02:10]} Ng7 {[%clk 0:01:03]} 48. fxg6
{[%clk 0:01:16]} Rc8 {[%clk 0:00:33]} 49. Qf4 {[%clk 0:00:40]} e3
{[%clk 0:00:38]} 50. Qxe3 {[%clk 0:01:01]} d4 {[%clk 0:00:51]} 51. Qf3
{[%clk 0:01:03]} dxc3 {[%clk 0:00:49]} 52. Ra8 {[%clk 0:01:22]} Rxa8
{[%clk 0:00:36]} 53. Qxa8+ {[%clk 0:01:50]} Qe8 {[%clk 0:00:42]} 54. Qe4
{[%clk 0:02:18]} Qd8 {[%clk 0:00:50]} 55. Ra2 {[%clk 0:02:14]} Qd5
{[%clk 0:00:56]} 56. Ra8+ {[%clk 0:02:22]} Ne8 {[%clk 0:01:25]} 57. Rxe8+
{[%clk 0:02:37]} Kg7 {[%clk 0:01:54]} 58. Rxe6 {[%clk 0:01:23]} Qd2+
{[%clk 0:02:22]} 59. Qe2 {[%clk 0:01:36]} Qd5+ {[%clk 0:02:50]} 60. Qe4
{[%clk 0:01:02]} Qd2+ {[%clk 0:03:19]} 61. Kf3 {[%clk 0:00:39]} Qd1+
{[%clk 0:03:28]} 62. Kg3 {[%clk 0:00:54]} Qd3+ {[%clk 0:03:11]} 63. Kh4
{[%clk 0:01:01]} Qd8+ {[%clk 0:03:03]} 64. Re7+ {[%clk 0:01:29]} 1-0